Guess the Taylor Swift song with no hints #1 - Statistics

General Stats
  • This quiz has been taken 676 times
  • The average score is 240 of 310
Answer Stats
% Correct
a
99%
I
99%
you
99%
You
99%
the
97%
The
97%
me
95%
and
94%
And
94%
in
93%
It
93%
it
93%
We
93%
we
93%
your
93%
Your
93%
my
92%
to
92%
is
91%
when
91%
When
91%
love
89%
go
88%
I'm
88%
all
87%
All
87%
so
87%
So
87%
on
86%
were
86%
of
85%
that
85%
then
85%
this
85%
time
85%
for
82%
what
82%
but
80%
But
80%
back
79%
ever
79%
mine
78%
there
78%
see
77%
had
76%
how
76%
I'd
76%
if
76%
night
76%
was
76%
December
75%
know
75%
saw
75%
why
75%
good
74%
up
73%
them
72%
miss
72%
them
72%
last
71%
mind
71%
been
70%
sorry
70%
think
70%
can't
69%
gave
69%
out
69%
right
69%
saying
67%
Tell
67%
than
67%
front
66%
nothing
66%
Standing
66%
Turn
66%
first
65%
loved
65%
made
65%
pride
65%
around
64%
glad
64%
left
64%
life
64%
swallowing
64%
Because
63%
cry
63%
didn't
63%
die
63%
family
63%
haven't
63%
make
63%
seen
63%
while
63%
You've
63%
from
62%
How's
62%
how's
62%
missing
62%
sweet
62%
roses
61%
smile
61%
still
61%
arms
60%
change
59%
realized
59%
talk
59%
turns
59%
wishing
59%
held
58%
freedom
57%
small
57%
September
56%
skin
56%
weather
56%
busier
55%
Goodbye
55%
guard
55%
about
54%
thinking
54%
came
52%
days
52%
Maybe
52%
These
52%
work
52%
ain't
51%
call
51%
into
51%
burned
50%
own
50%
sleeping
50%
times
50%
door
49%
summer
49%
wishful
48%
again
47%
tanned
47%
understand
47%
beautiful
46%
birthday
46%
fall
46%
side
46%
dreaming
45%
chain
44%
passed
44%
passenger
44%
Probably
44%
swear
44%
cold
43%
dark
43%
watched
42%
mindless
41%
Staying
41%
laughing
40%
myself
40%
fear
39%
crept
35%
playing
35%
leaving
33%
No matching quizzes found
Score Distribution
Percent of People with Each Score
Percentile by Number Answered
Your Score History
You have not taken this quiz